| 000 | 01212cam a22003613a 4500 | ||
|---|---|---|---|
| 001 | 13692566 | ||
| 003 | OSt | ||
| 005 | 20140310182229.0 | ||
| 008 | 030327s2003 nyu 000 f eng d | ||
| 010 | _a 2004596558 | ||
| 020 |
_a0060528141 (pbk.) : _c$4.99 |
||
| 035 | _a(OCoLC)ocm51933879 | ||
| 040 |
_aOCO _cOCO _dDLC |
||
| 042 | _alccopycat | ||
| 050 |
_aPZ 7 _b.W691m8 2003 |
||
| 082 |
_aFIC# _bSWE #8 |
||
| 100 | 1 |
_aWillard, Eliza. _917945 |
|
| 245 | 1 | 0 |
_aCross our hearts / _cEliza Willard. |
| 260 |
_aNew York : _bHarperEntertainment, _cc2003. |
||
| 300 |
_a122 p. ; _c20 cm. |
||
| 440 | 0 |
_aMary-Kate and Ashley sweet 16 _v#8 _917949 |
|
| 500 | _a"A Parachute Press book." | ||
| 650 |
_aTeenage girls _xJuvenile fiction _917950 |
||
| 651 |
_aTwins _xJuvenile fiction _917951 |
||
| 655 | 7 |
_aYoung adult fiction. _2lcsh _93735 |
|
| 655 | 7 |
_aLove stories. _2gsafd _92799 |
|
| 710 | 2 |
_aCopyright Paperback Collection (Library of Congress) _5DLC _9705 |
|
| 856 | 4 | 2 |
_3Publisher description _uhttp://www.loc.gov/catdir/enhancements/fy0645/2004596558-d.html |
| 906 |
_a7 _bcbc _ccopycat _d2 _encip _f20 _gy-genrareb |
||
| 942 |
_2lcc _cBK-FIC |
||
| 999 |
_c10860 _d10860 |
||